00653nam a22001937a 450000500170000001000150001702000260003203500140005803700130007208200080008510000230009324500740011626000440019027000450023430000190027994200220029899900190032095201200033920240311122051.0 aENG-139617 c295.00a9789384346928 aEN-123149 bDBAD/PUB a920 aDe Amalendu963023 aIn Search of Siraj's Son and Descendants/cTranslated by Nandini Guha aKolkatabParul Prakashani Pvt Ltdc2012 bKolkataa8/3 Chintamoni Das Lanee700009 a96p;c25cm(hb) 2ddccENh920mAMA c201342d201342 00104070aBNbBNd2024-03-11eDBADg295.00l0o920 AMApEN-123149r2024-03-11 00:00:00t1v295.00w2024-03-11yEN